Economía política de la crisis española
שמור ב:
| מחבר ראשי: | |
|---|---|
| פורמט: | ספר |
| שפה: | ספרדית |
| יצא לאור: |
Barcelona, España
Crítica
1985
|
| סדרה: | Temas Hispánicos
|
| נושאים: | |
| תגים: |
הוספת תג
אין תגיות, היה/י הראשונ/ה לתייג את הרשומה!
|
MARC
| LEADER | 00000nam a2200000 a 4500 | ||
|---|---|---|---|
| 001 | UCP7629 | ||
| 003 | CL-VaPUC | ||
| 005 | 20210730001644.0 | ||
| 008 | 991217e19850000SP |||||||||||||||||spa|d | ||
| 999 | |c 284747 |d 284745 | ||
| 040 | |c Pontificia Universidad Católica de Valparaíso | ||
| 082 | 0 | 4 | |a 330.0946 SEV 1985 |2 21 |
| 100 | 0 | |a Sevilla Segura, José V |e author |9 437112 | |
| 245 | 1 | 0 | |a Economía política de la crisis española |
| 260 | |a Barcelona, España |b Crítica |c 1985 | ||
| 300 | |a 183 páginas | ||
| 490 | 0 | |a Temas Hispánicos | |
| 583 | |a last modification |c 19991217 00:00:00 |k Rodrigo Vera | ||
| 650 | 7 | |a ECONOMIA ESPAÑOLA |2 CL-VaPUC |9 314036 | |
| 650 | 7 | |a HISTORIA ECONOMICA |2 CL-VaPUC |9 437093 |y SIGLO 20 | |
| 650 | 7 | |a CRISIS ECONOMICA |2 CL-VaPUC |9 437113 |z ESPAÑA | |
| 650 | 0 | |a Economía política |z ESPAÑA |9 255814 | |
| 852 | |a BIBCUR | ||
| 942 | |c BK |2 ddc | ||
| 945 | |d 19991217 00:00:00 |a crobeson | ||
| 952 | |0 0 |1 0 |2 ddc |4 0 |6 330_094600000000000_SEV_1985 |7 0 |8 A |9 328957 |a BIBHIS |b BIBHIS |d 2019-11-20 |i 1373013 |o 330.0946 SEV 1985 |p 1373013 |r 2025-01-20 |t 1 |w 2019-11-20 |y BK |k HIS | ||